000 00972 a2200217 4500
003 Nust
005 20221019163117.0
020 _a0-07-123262-1 (hft.) :
035 _a(Uk)0071232621
040 _cNust
082 0 4 _a620.00151,PAL
100 1 _aPalm, William J.
_959602
245 1 0 _aIntroduction to MATLAB 7 for engineers
_cWilliam J. Palm III
250 _aInt. ed.
260 _aBoston :
_bMcGraw-Hill,
_c2005
300 _axiii, 682 s. :
_bill.
505 _aAn Overview of Matlab (Page-3), Numeric Cell and Structure Arrays (Page-69), Functions and Files (Page-141), Programming with Matlab (Page-183), Advanced Ploting and Model Building (Page-259), Linear Algebric Equations (Page-359), Probability and Statistics and Interpolation (Page-417), Numercial Calculus and Differential Equations (Page-465), Symbolic Processing with Matlab (Page-585).
650 7 _aEngineering mathematics
_xData processing.
_9133
650 7 _aMATLAB
_994870
942 _2ddc
_cBK
999 _c218014
_d218014